Composition - Finale LDC 2022 : Real Madrid - Liverpool - Statistiques

Statistiques générales
  • Ce quiz a été pris 2 393 fois
    2 128 depuis la dernière actualisation
  • Le résultat moyen est 24 sur 30
Statistiques - réponses
Joueurs % Correct
Thibaut Courtois
98%
Karim Benzema
97%
Vinicius Junior
97%
Luka Modric
96%
Mohamed Salah
96%
Daniel Carvajal
95%
Toni Kroos
95%
Alisson Becker
94%
Virgil Van Dijk
93%
Sadio Mané
91%
Ferland Mendy
90%
Trent Alexander-Arnold
90%
Rodrygo Goes
89%
Andrew Robertson
87%
Eder Militao
85%
David Alaba
81%
Ibrahima Konaté
80%
Casemiro
76%
Roberto Firmino
75%
Carlo Ancelotti
74%
Eduardo Camavinga
73%
Federico Valverde
72%
Jürgen Klopp
70%
Luis Diaz
66%
Jordan Henderson
65%
Fabinho
60%
Diogo Jota
50%
Thiago Alcantara
50%
Daniel Ceballos
44%
Naby Keita
32%
Aucun quiz correspondant
Distribution des résultats
% des personnes avec chaque résultat
Percentile par nombre de réponses
Votre historique - résultats
Vous n’avez pas pris ce quiz depuis la dernière actualisation